[Event "Open 2005 des PSV Rostock"]
[Site "Rostock"]
[Date "2005.08.25"]
[Round "1.1"]
[White "Raitza, Egon"]
[Black "Seils, Jörg"]
[Result "0-1"]
[WhiteElo "1890"]
[BlackElo "2365"]
[PlyCount "92"]
[EventDate "2005.08.25"]
[EventType "swiss"]
[EventRounds "7"]
[EventCountry "GER"]
[Source "Th. Schwetlick"]
[SourceDate "2005.08.25"]

1. d4 Nf6 2. Nf3 e6 3. e3 Be7 4. Bd3 d5 5. Nbd2 c5 6. c3 O-O 7. O-O b6 8. e4
Ba6 9. Bxa6 Nxa6 10. Qe2 Nb8 11. e5 Nfd7 12. Re1 Nc6 13. Nf1 Re8 14. Be3 Qc7
15. Bg5 Bf8 16. Rac1 Qb7 17. Ng3 Rac8 18. Be3 b5 19. Ng5 h6 20. Nh3 b4 21. f4
g6 22. f5 exf5 23. Nxf5 gxf5 24. Qh5 Ne7 25. Bxh6 Bxh6 26. Qxh6 Nf8 27. Nf4 Rc6
28. e6 fxe6 29. Nh5 Neg6 30. Nf6+ Kf7 31. Nxe8 Kxe8 32. Qh3 Kf7 33. Qe3 c4 34.
Rf1 bxc3 35. bxc3 Rb6 36. Qf2 Kg7 37. h4 Nh7 38. h5 Ngf8 39. Qg3+ Kf7 40. h6
Ng6 41. Qf2 Nf6 42. Qf3 Qb8 43. g4 Rb2 44. Rf2 Rxf2 45. Qxf2 Nxg4 46. Qd2 Qg3+
0-1

[Event "Open 2005 des PSV Rostock"]
[Site "Rostock"]
[Date "2005.08.25"]
[Round "1.2"]
[White "Rudolf, Henrik"]
[Black "Krueger, Alexander"]
[Result "1-0"]
[WhiteElo "2329"]
[BlackElo "1889"]
[PlyCount "25"]
[EventDate "2005.08.25"]
[EventType "swiss"]
[EventRounds "7"]
[EventCountry "GER"]
[Source "Th. Schwetlick"]
[SourceDate "2005.08.25"]

1. e4 g6 2. d4 Bg7 3. Nc3 d6 4. Nf3 Nf6 5. Be2 O-O 6. O-O c6 7. Re1 Qc7 8. Bf4
Nh5 9. Be3 b5 10. e5 dxe5 11. Nxe5 Rd8 12. Bd3 Nd7 13. Nxc6 1-0

[Event "Open 2005 des PSV Rostock"]
[Site "Rostock"]
[Date "2005.08.25"]
[Round "1.3"]
[White "Schmidt, Wolfgang"]
[Black "Hetey, Laszlo"]
[Result "0-1"]
[WhiteElo "1851"]
[BlackElo "2322"]
[PlyCount "58"]
[EventDate "2005.08.25"]
[EventType "swiss"]
[EventRounds "7"]
[EventCountry "GER"]
[Source "Th. Schwetlick"]
[SourceDate "2005.08.25"]

1. d4 Nf6 2. Nf3 e6 3. e3 b6 4. Bd3 Bb7 5. Nbd2 c5 6. c3 d5 7. O-O Nc6 8. Qe2
Be7 9. e4 dxe4 10. Nxe4 cxd4 11. Rd1 O-O 12. cxd4 Nxd4 13. Nxd4 Qxd4 14. Ng5
Qc5 15. Be3 Qe5 16. Rac1 Rac8 17. Rxc8 Rxc8 18. Ba6 Bxa6 19. Qxa6 Rc7 20. Nf3
Qa5 21. Qxa5 bxa5 22. Nd4 Nd5 23. Bd2 Bb4 24. Nb5 Rc2 25. Bxb4 axb4 26. Nxa7
Rxb2 27. Nc6 g5 28. h4 Rxa2 29. Rb1 Ra6 0-1

[Event "Open 2005 des PSV Rostock"]
[Site "Rostock"]
[Date "2005.08.25"]
[Round "1.4"]
[White "Hoffmann, Hendrik"]
[Black "Hamann, Dirk"]
[Result "1-0"]
[WhiteElo "2284"]
[BlackElo "1844"]
[PlyCount "49"]
[EventDate "2005.08.25"]
[EventType "swiss"]
[EventRounds "7"]
[EventCountry "GER"]
[Source "Th. Schwetlick"]
[SourceDate "2005.08.25"]

1. e4 Nf6 2. e5 Nd5 3. Nc3 Nxc3 4. bxc3 d6 5. f4 dxe5 6. fxe5 Nc6 7. d4 e6 8.
Bd3 Bd7 9. Nf3 Ne7 10. O-O h6 11. Nd2 Nf5 12. Nc4 g6 13. Rb1 Rb8 14. Qe2 h5 15.
Be4 b6 16. Kh1 h4 17. Qg4 Bh6 18. Bxh6 Rxh6 19. Bxf5 exf5 20. Qf4 Rh5 21. d5
Qg5 22. e6 fxe6 23. Qxc7 Qd8 24. Qe5 Kf7 25. Rbd1 1-0

[Event "Open 2005 des PSV Rostock"]
[Site "Rostock"]
[Date "2005.08.25"]
[Round "1.5"]
[White "Ott, Mathias"]
[Black "Steinhagen, Bernd"]
[Result "0-1"]
[WhiteElo "1843"]
[BlackElo "2258"]
[PlyCount "92"]
[EventDate "2005.08.25"]
[EventType "swiss"]
[EventRounds "7"]
[EventCountry "GER"]
[Source "Th. Schwetlick"]
[SourceDate "2005.08.25"]

1. d4 Nf6 2. c4 e6 3. Nc3 d5 4. Bg5 Nbd7 5. Nf3 Be7 6. e3 O-O 7. Rc1 a6 8. a4
c6 9. Bd3 dxc4 10. Bxc4 b5 11. Bd3 Bb7 12. O-O Rc8 13. Qe2 Qa5 14. Ra1 Qb6 15.
e4 b4 16. a5 Qd8 17. Na4 Ra8 18. e5 Nd5 19. Qe4 g6 20. Qh4 Re8 21. Rfe1 Qc7 22.
Bxe7 Rxe7 23. Ng5 h5 24. Ne4 Qxa5 25. g4 Kg7 26. Qg5 Rh8 27. Nd6 Qc7 28. Re3
Nf8 29. Rf3 hxg4 30. Rf6 Rh5 31. Qxg4 Qd8 32. Nc5 Bc8 33. Rf3 Rh7 34. Bxa6 Bxa6
35. Rxf7+ Rxf7 36. Nxf7 Kxf7 37. Rxa6 Qh4 38. Qf3+ Kg8 39. Ra8 Qg5+ 40. Kf1
Qc1+ 41. Kg2 Nf4+ 42. Kg3 Rh3+ 43. Kg4 Rxf3 44. Kxf3 g5 45. Nd7 Qd1+ 46. Ke4
Qe2# 0-1

[Event "Open 2005 des PSV Rostock"]
[Site "Rostock"]
[Date "2005.08.25"]
[Round "1.6"]
[White "Porsch, Harald"]
[Black "Eichstaedt, Enrico"]
[Result "1-0"]
[WhiteElo "2258"]
[BlackElo "1804"]
[PlyCount "99"]
[EventDate "2005.08.25"]
[EventType "swiss"]
[EventRounds "7"]
[EventCountry "GER"]
[Source "Th. Schwetlick"]
[SourceDate "2005.08.25"]

1. e4 e5 2. Nc3 Nf6 3. Bc4 Nc6 4. d3 Bc5 5. Bg5 d6 6. Nd5 Be6 7. c3 Bxd5 8.
Bxd5 Qd7 9. Bxf6 gxf6 10. b4 Bb6 11. Qf3 Ke7 12. Ne2 Rag8 13. h3 Nd8 14. O-O
Rg5 15. Ng3 Rhg8 16. Nf5+ Kf8 17. g3 c6 18. Bb3 Ne6 19. Kh2 Ng7 20. Nh6 Rh5 21.
Ng4 Ne8 22. Kg2 Rhg5 23. Nxf6 Nxf6 24. Qxf6 Bd8 25. Qf3 R8g7 26. d4 exd4 27.
cxd4 d5 28. exd5 cxd5 29. Rac1 b6 30. Qc3 R7g6 31. Rfe1 Rh5 32. Qc8 Rd6 33. Re5
Qxc8 34. Rxc8 Rxe5 35. dxe5 Rd7 36. Ba4 Ke7 37. Bxd7 Kxd7 38. Rc2 Be7 39. a3 a5
40. bxa5 bxa5 41. a4 Bb4 42. Kf3 d4 43. Ke4 Bc3 44. f4 Ke6 45. f5+ Ke7 46. g4
Kd7 47. Kd5 Ba1 48. e6+ fxe6+ 49. fxe6+ Ke8 50. Kd6 1-0

[Event "Open 2005 des PSV Rostock"]
[Site "Rostock"]
[Date "2005.08.25"]
[Round "1.7"]
[White "Ernst, Mathias"]
[Black "Gottschalk, Jens"]
[Result "0-1"]
[WhiteElo "1703"]
[BlackElo "2219"]
[PlyCount "56"]
[EventDate "2005.08.25"]
[EventType "swiss"]
[EventRounds "7"]
[EventCountry "GER"]
[Source "Th. Schwetlick"]
[SourceDate "2005.08.25"]

1. e4 c5 2. Nf3 d6 3. Bb5+ Nc6 4. Bxc6+ bxc6 5. O-O Bg4 6. h3 Bh5 7. a4 e6 8.
g4 Bg6 9. Ra3 Bxe4 10. Re3 d5 11. d3 Bxf3 12. Qxf3 Bd6 13. Qg2 Qc7 14. f4 O-O-O
15. Re2 h5 16. g5 Ne7 17. c3 Nf5 18. b4 h4 19. Rb2 Ng3 20. Rf3 f6 21. Na3 fxg5
22. b5 gxf4 23. bxc6 a6 24. a5 Qxa5 25. Rxf4 Qxc3 26. Rb1 Qe1+ 27. Kh2 Nf1+ 28.
Kh1 Ne3+ 0-1

[Event "Open 2005 des PSV Rostock"]
[Site "Rostock"]
[Date "2005.08.25"]
[Round "1.8"]
[White "Hammel, Ralf"]
[Black "Worm, Alfred"]
[Result "1-0"]
[WhiteElo "2188"]
[BlackElo "1690"]
[PlyCount "43"]
[EventDate "2005.08.25"]
[EventType "swiss"]
[EventRounds "7"]
[EventCountry "GER"]
[Source "Th. Schwetlick"]
[SourceDate "2005.08.25"]

1. e4 c6 2. d4 d5 3. e5 Bf5 4. Be2 e6 5. Nf3 Nd7 6. O-O c5 7. c4 Ne7 8. Nc3
cxd4 9. Nxd4 Nxe5 10. cxd5 exd5 11. Nxf5 Nxf5 12. Bb5+ Nc6 13. Re1+ Nfe7 14.
Nxd5 a6 15. Bf4 Rc8 16. Ba4 b5 17. Bb3 Na5 18. Bg5 Nac6 19. Qh5 Qd6 20. Nxe7
Bxe7 21. Qxf7+ Kd7 22. Rad1 1-0

[Event "Open 2005 des PSV Rostock"]
[Site "Rostock"]
[Date "2005.08.25"]
[Round "1.9"]
[White "Loeke, Patrick"]
[Black "Lorenz, Joerg"]
[Result "0-1"]
[WhiteElo "1690"]
[BlackElo "2170"]
[PlyCount "60"]
[EventDate "2005.08.25"]
[EventType "swiss"]
[EventRounds "7"]
[EventCountry "GER"]
[Source "Th. Schwetlick"]
[SourceDate "2005.08.25"]

1. e4 e6 2. d4 d5 3. exd5 exd5 4. Bd3 Bd6 5. Ne2 Nf6 6. O-O O-O 7. Bf4 Re8 8.
Re1 Rxe2 9. Bxd6 Rxe1+ 10. Qxe1 Qxd6 11. Nc3 Bd7 12. f3 Nc6 13. Ne2 Nb4 14. Qd2
Re8 15. Re1 Qe7 16. Kf2 a6 17. c3 Nxd3+ 18. Qxd3 Bb5 19. Qd2 Qxe2+ 20. Rxe2
Rxe2+ 21. Qxe2 Bxe2 22. Kxe2 Kf8 23. b3 Ke7 24. Ke3 Kd6 25. g3 c5 26. h3 Nd7
27. Kd3 Nf8 28. Ke3 Ne6 29. dxc5+ Kxc5 30. a3 d4+ 0-1

[Event "Open 2005 des PSV Rostock"]
[Site "Rostock"]
[Date "2005.08.25"]
[Round "1.10"]
[White "Kliewe, Hans Juergen"]
[Black "Boehm, Matthias"]
[Result "1-0"]
[WhiteElo "2166"]
[BlackElo "1673"]
[PlyCount "81"]
[EventDate "2005.08.25"]
[EventType "swiss"]
[EventRounds "7"]
[EventCountry "GER"]
[Source "Th. Schwetlick"]
[SourceDate "2005.08.25"]

1. d4 Nf6 2. c4 g6 3. Nc3 d5 4. Bf4 c6 5. e3 Bg7 6. Nf3 O-O 7. Qb3 e6 8. h3
Nbd7 9. Be2 h6 10. O-O Ne4 11. Nxe4 dxe4 12. Nd2 f5 13. f3 exf3 14. Nxf3 Kh7
15. Rad1 Qe7 16. Qc3 Re8 17. Ne5 Bf6 18. c5 Qg7 19. Bc4 g5 20. Bh2 g4 21. hxg4
Bxe5 22. Bxe5 Nxe5 23. dxe5 Qxg4 24. Rd4 Qg7 25. Rf2 Bd7 26. Qd3 Re7 27. e4 Rf8
28. exf5 exf5 29. e6 Bxe6 30. Bxe6 Rxe6 31. Rxf5 Kh8 32. Rxf8+ Qxf8 33. Rd8 Re8
34. Qd4+ Kg8 35. Rd6 Qg7 36. Qxg7+ Kxg7 37. Rd7+ Kf6 38. Rxb7 Re2 39. a3 Rc2
40. b4 a5 41. Rb6 1-0

[Event "Open 2005 des PSV Rostock"]
[Site "Rostock"]
[Date "2005.08.25"]
[Round "1.11"]
[White "Fischer, Joachim"]
[Black "Helms, Sven"]
[Result "0-1"]
[WhiteElo "1673"]
[BlackElo "2148"]
[PlyCount "78"]
[EventDate "2005.08.25"]
[EventType "swiss"]
[EventRounds "7"]
[EventCountry "GER"]
[Source "Th. Schwetlick"]
[SourceDate "2005.08.25"]

1. e4 e6 2. d4 d5 3. Nc3 Nf6 4. Bg5 Bb4 5. e5 h6 6. Be3 Ne4 7. Nge2 c5 8. f3
Nxc3 9. bxc3 Ba5 10. g3 Nc6 11. Bg2 cxd4 12. Bxd4 Nxd4 13. Qxd4 Bd7 14. Rb1 Qc7
15. f4 O-O 16. Qd3 a6 17. O-O Bb5 18. Qf3 Rac8 19. Rfe1 Bxc3 20. Nxc3 Qxc3 21.
Qxc3 Rxc3 22. Rb2 Rfc8 23. Rc1 R8c7 24. Bf1 Ba4 25. Be2 Rxc2 26. Rcb1 b5 27.
Bd3 Rxb2 28. Rxb2 Rc3 29. Rd2 Kf8 30. Kf2 a5 31. g4 b4 32. f5 b3 33. axb3 Bxb3
34. f6 a4 35. Bb1 a3 36. Kg2 Bc4 37. Ba2 Bxa2 38. Rxa2 Rb3 39. Kg1 Rb1+ 0-1

[Event "Open 2005 des PSV Rostock"]
[Site "Rostock"]
[Date "2005.08.25"]
[Round "1.12"]
[White "Moeller, Peter"]
[Black "Jakob, Florian"]
[Result "1-0"]
[WhiteElo "2146"]
[BlackElo "1636"]
[PlyCount "45"]
[EventDate "2005.08.25"]
[EventType "swiss"]
[EventRounds "7"]
[EventCountry "GER"]
[Source "Th. Schwetlick"]
[SourceDate "2005.08.25"]

1. g3 d5 2. Bg2 c5 3. d3 Nc6 4. Nd2 e5 5. e4 d4 6. Ne2 Bd6 7. O-O Nge7 8. Nc4
Bc7 9. a4 O-O 10. f4 f5 11. b3 fxe4 12. dxe4 exf4 13. Nxf4 Ne5 14. Nxe5 Bxe5
15. Nd3 Qc7 16. Rxf8+ Kxf8 17. Qh5 Bf6 18. e5 g6 19. Qf3 Bg4 20. Qxf6+ Kg8 21.
Bh6 Nf5 22. Bd5+ Qf7 23. Bxf7# 1-0

[Event "Open 2005 des PSV Rostock"]
[Site "Rostock"]
[Date "2005.08.25"]
[Round "1.13"]
[White "Ehlers, Michael"]
[Black "Luetje, Juergen"]
[Result "1/2-1/2"]
[WhiteElo "1626"]
[BlackElo "2135"]
[PlyCount "133"]
[EventDate "2005.08.25"]
[EventType "swiss"]
[EventRounds "7"]
[EventCountry "GER"]
[Source "Th. Schwetlick"]
[SourceDate "2005.08.25"]

1. e4 c5 2. f4 Nc6 3. Nf3 e6 4. c4 g6 5. Nc3 Bg7 6. e5 d6 7. exd6 Qxd6 8. d3
Nh6 9. Be2 O-O 10. O-O Rd8 11. Ne4 Qe7 12. Rb1 Nf5 13. b3 b6 14. Qd2 Bb7 15.
Bb2 Nfd4 16. Nxd4 Nxd4 17. Ng5 Rd7 18. Nf3 Rad8 19. Nxd4 Bxd4+ 20. Kh1 Qh4 21.
Bxd4 Rxd4 22. Qe3 Qf6 23. b4 cxb4 24. Rxb4 Qe7 25. a3 Bc6 26. Rfb1 Qd6 27. Rf1
f6 28. Qf2 Kg7 29. Kg1 Qc5 30. g3 R8d6 31. Rb3 h5 32. h3 h4 33. Kh2 hxg3+ 34.
Qxg3 Rd8 35. Bg4 Qd6 36. Be2 Rh8 37. Rbb1 Rh6 38. a4 Bd7 39. a5 e5 40. f5 Rf4
41. axb6 axb6 42. Bg4 Rd4 43. Rb3 Rh8 44. Rfb1 Rb8 45. Ra1 Qc7 46. Rba3 Qd6 47.
Rb3 Qc7 48. Ra6 b5 49. Qh4 g5 50. Qf2 bxc4 51. Rxb8 Qxb8 52. dxc4 e4+ 53. Kg2
Qe5 54. Ra3 Qc5 55. Ra2 Bc6 56. Kf1 Qxc4+ 57. Qe2 Qxe2+ 58. Kxe2 Rd3 59. Ra7+
Kf8 60. Ra6 Bb5 61. Rb6 Rb3+ 62. Kd2 Ke7 63. Kc2 Rb4 64. Kc3 Rb1 65. Re6+ Kf7
66. Rxe4 Bd7 67. Re3 1/2-1/2

[Event "Open 2005 des PSV Rostock"]
[Site "Rostock"]
[Date "2005.08.25"]
[Round "1.14"]
[White "Kutschke, Peter"]
[Black "Heinisch, Uwe"]
[Result "1/2-1/2"]
[WhiteElo "2128"]
[BlackElo "1600"]
[PlyCount "54"]
[EventDate "2005.08.25"]
[EventType "swiss"]
[EventRounds "7"]
[EventCountry "GER"]
[Source "Th. Schwetlick"]
[SourceDate "2005.08.25"]

1. e4 d6 2. c4 Nf6 3. Nc3 c6 4. Nf3 Bg4 5. Be2 e5 6. d4 Nbd7 7. O-O Be7 8. h3
Bh5 9. Be3 O-O 10. Qc2 Qc7 11. a3 Rfe8 12. Rfd1 Bf8 13. d5 a6 14. Rac1 c5 15.
g4 Bg6 16. Nh4 Qd8 17. Nxg6 hxg6 18. Kg2 Nh7 19. Rh1 g5 20. Nb1 Be7 21. Nd2
Ndf8 22. Nf1 Ng6 23. Ng3 Nhf8 24. f3 Rb8 25. Kf2 Qd7 26. a4 a5 27. b3 b6
1/2-1/2

[Event "Open 2005 des PSV Rostock"]
[Site "Rostock"]
[Date "2005.08.25"]
[Round "1.15"]
[White "Glebow, Roman"]
[Black "Schoenrock, Ruediger"]
[Result "0-1"]
[WhiteElo "1589"]
[BlackElo "2126"]
[PlyCount "46"]
[EventDate "2005.08.25"]
[EventType "swiss"]
[EventRounds "7"]
[EventCountry "GER"]
[Source "Th. Schwetlick"]
[SourceDate "2005.08.25"]

1. e4 e5 2. Nf3 Nf6 3. d4 exd4 4. e5 Ne4 5. Bd3 Nc5 6. Bc4 Nc6 7. O-O Be7 8.
Re1 Ne6 9. Nbd2 d6 10. Nb3 dxe5 11. Nxe5 Nxe5 12. Rxe5 Bf6 13. Re4 O-O 14. Bf4
Nxf4 15. Rxf4 c5 16. Qh5 b6 17. Bd5 Rb8 18. Re1 Bb7 19. Bc4 Qd6 20. Bd3 g6 21.
Qh6 Rfe8 22. Be4 Bg7 23. Qg5 f5 0-1

[Event "Open 2005 des PSV Rostock"]
[Site "Rostock"]
[Date "2005.08.25"]
[Round "1.16"]
[White "Scholz, Alexander"]
[Black "Schreiber, Nico"]
[Result "1-0"]
[WhiteElo "2115"]
[BlackElo "1537"]
[PlyCount "87"]
[EventDate "2005.08.25"]
[EventType "swiss"]
[EventRounds "7"]
[EventCountry "GER"]
[Source "Th. Schwetlick"]
[SourceDate "2005.08.25"]

1. c4 e6 2. Nc3 Nf6 3. e4 Nc6 4. d4 d6 5. Be2 e5 6. Nf3 exd4 7. Nxd4 Nxd4 8.
Qxd4 Be7 9. O-O Be6 10. Be3 a6 11. f4 c5 12. Qd2 Qc7 13. Rad1 Rd8 14. Qe1 Qb6
15. Bc1 Qb4 16. b3 h5 17. Bb2 h4 18. Nd5 Qxe1 19. Rdxe1 Bxd5 20. exd5 Kd7 21.
Bd3 Rde8 22. h3 Nh5 23. Bf5+ Kc7 24. Bd3 Bf6 25. Bxf6 Nxf6 26. Kf2 Nh5 27. f5
Ng3 28. Rg1 f6 29. Re6 Kd7 30. Kf3 Rxe6 31. fxe6+ Ke7 32. Kg4 Nh5 33. Bg6 Ng3
34. Bd3 Rh6 35. a3 Nh5 36. b4 b6 37. bxc5 bxc5 38. Rb1 g5 39. Rb7+ Ke8 40. Rd7
Nf4 41. Bc2 Nxg2 42. Ba4 Kf8 43. Rd8+ Ke7 44. Re8# 1-0

[Event "Open 2005 des PSV Rostock"]
[Site "Rostock"]
[Date "2005.08.25"]
[Round "1.17"]
[White "Hinkelmann, Dieter"]
[Black "Schoengart, Ralf"]
[Result "0-1"]
[WhiteElo "1537"]
[BlackElo "2112"]
[PlyCount "62"]
[EventDate "2005.08.25"]
[EventType "swiss"]
[EventRounds "7"]
[EventCountry "GER"]
[Source "Th. Schwetlick"]
[SourceDate "2005.08.25"]

1. e4 c6 2. d4 d5 3. Nc3 dxe4 4. Nxe4 Nf6 5. Ng5 Bf5 6. Bc4 e6 7. Ne2 h6 8. Nf3
Nbd7 9. Bf4 Qb6 10. Bd3 Bg4 11. Ne5 Nxe5 12. Bxe5 Nd7 13. Bf4 Bxe2 14. Bxe2
Qxb2 15. O-O Nb6 16. Qd3 Qa3 17. c3 Nd5 18. Bd2 Bd6 19. Rfb1 Bf4 20. Rb3 Qd6
21. g3 Bxd2 22. Qxd2 b6 23. Bf3 Rd8 24. Qe2 O-O 25. c4 Nf6 26. c5 Qxd4 27. cxb6
Qxa1+ 28. Kg2 axb6 29. Bxc6 Qc1 30. Rxb6 Rd2 31. Rb1 Qxc6+ 0-1

[Event "Open 2005 des PSV Rostock"]
[Site "Rostock"]
[Date "2005.08.25"]
[Round "1.18"]
[White "Schroeder, Christian"]
[Black "Mueggenburg, Rolf"]
[Result "1-0"]
[WhiteElo "2069"]
[BlackElo "1507"]
[PlyCount "70"]
[EventDate "2005.08.25"]
[EventType "swiss"]
[EventRounds "7"]
[EventCountry "GER"]
[Source "Th. Schwetlick"]
[SourceDate "2005.08.25"]

1. c4 Nc6 2. d4 d5 3. e3 Nf6 4. Nc3 e6 5. Nf3 Bd6 6. Bd3 b6 7. cxd5 exd5 8. a3
Ne7 9. e4 dxe4 10. Nxe4 Bb7 11. Nxf6+ gxf6 12. Qa4+ c6 13. O-O b5 14. Qc2 Qd7
15. Re1 Rg8 16. Bf5 Qc7 17. Qe2 Kd8 18. Bh3 Bc8 19. Bxc8 Rxc8 20. Bd2 Kd7 21.
g3 Nd5 22. Nh4 Rce8 23. Qf3 Bf4 24. Rxe8 Kxe8 25. Qe4+ Kf8 26. Bxf4 Nxf4 27.
Nf5 Nh3+ 28. Kf1 Ng5 29. Qe1 Qd7 30. Qb4+ Ke8 31. Re1+ Ne6 32. Nd6+ Kf8 33.
Nf5+ Ke8 34. Rc1 c5 35. Qxb5 Qxb5+ 1-0

[Event "Open 2005 des PSV Rostock"]
[Site "Rostock"]
[Date "2005.08.25"]
[Round "1.19"]
[White "Stahl, Rene"]
[Black "Ruesch, Hans Joachim"]
[Result "0-1"]
[WhiteElo "1447"]
[BlackElo "2055"]
[PlyCount "100"]
[EventDate "2005.08.25"]
[EventType "swiss"]
[EventRounds "7"]
[EventCountry "GER"]
[Source "Th. Schwetlick"]
[SourceDate "2005.08.25"]

1. d4 g6 2. c4 Bg7 3. Nc3 d6 4. e4 Nf6 5. Nf3 O-O 6. Be2 Nbd7 7. O-O e5 8. d5
Nc5 9. Nd2 Bh6 10. Qc2 a5 11. Re1 Nfd7 12. Nf1 Bxc1 13. Raxc1 f5 14. exf5 gxf5
15. f4 Nf6 16. Ng3 Ne8 17. Bh5 e4 18. Re3 Qf6 19. Rce1 Bd7 20. Nb5 Bxb5 21.
cxb5 Ng7 22. Be2 Qh6 23. Rf1 Rac8 24. Bc4 Kh8 25. Ne2 Qf6 26. Qc3 Qxc3 27. bxc3
c6 28. bxc6 bxc6 29. Rb1 cxd5 30. Bxd5 Rb8 31. Rxb8 Rxb8 32. Nd4 Rb1+ 33. Kf2
Nd3+ 34. Kg3 Nh5+ 35. Kh4 Nhxf4 36. Bxe4 fxe4 37. Rxe4 Ne5 38. Kg5 Nxg2 39. Nf5
Rb5 40. Kf6 Nd7+ 41. Ke7 Rxf5 42. Kxd7 d5 43. Re6 Nf4 44. Ra6 Ne2 45. Ke6 Rg5
46. Kf7 Rg7+ 47. Kf8 Nxc3 48. Rxa5 Rg2 49. Rc5 d4 50. Kf7 Rf2+ 0-1

[Event "Open 2005 des PSV Rostock"]
[Site "Rostock"]
[Date "2005.08.25"]
[Round "1.20"]
[White "Giese, Guido"]
[Black "Jeck, Horst"]
[Result "1-0"]
[WhiteElo "2037"]
[BlackElo "1418"]
[PlyCount "71"]
[EventDate "2005.08.25"]
[EventType "swiss"]
[EventRounds "7"]
[EventCountry "GER"]
[Source "Th. Schwetlick"]
[SourceDate "2005.08.25"]

1. Nc3 e5 2. Nf3 Nc6 3. d4 exd4 4. Nxd4 Nxd4 5. Qxd4 Nf6 6. e4 Qe7 7. Bg5 c5 8.
Qd3 Qe6 9. Bxf6 Qxf6 10. Be2 Be7 11. O-O O-O 12. Nd5 Qd6 13. Rad1 Rd8 14. f4
Bf8 15. Qg3 c4 16. e5 Qc5+ 17. Kh1 d6 18. Nf6+ Kh8 19. Nxh7 Bf5 20. Ng5 Kg8 21.
Bg4 Bxg4 22. Qxg4 Qc8 23. Qh5 Qf5 24. g4 Qg6 25. Qxg6 fxg6 26. Ne6 Rd7 27. Nxf8
Rxf8 28. Rxd6 Rxd6 29. exd6 Rd8 30. Rd1 Kf7 31. Kg2 Kf6 32. d7 Ke6 33. Kf3 b5
34. Ke4 a6 35. f5+ gxf5+ 36. gxf5+ 1-0

[Event "Open 2005 des PSV Rostock"]
[Site "Rostock"]
[Date "2005.08.25"]
[Round "1.21"]
[White "Mangold, Thomas"]
[Black "Herholz, Holger"]
[Result "1/2-1/2"]
[WhiteElo "1351"]
[BlackElo "2009"]
[PlyCount "64"]
[EventDate "2005.08.25"]
[EventType "swiss"]
[EventRounds "7"]
[EventCountry "GER"]
[Source "Th. Schwetlick"]
[SourceDate "2005.08.25"]

1. f4 Nf6 2. Nf3 g6 3. e3 Bg7 4. Nc3 O-O 5. Be2 Nc6 6. O-O d5 7. d4 a6 8. Bd2
b5 9. Ne5 Bb7 10. Nxc6 Bxc6 11. Bf3 a5 12. a4 b4 13. Ne2 Qd7 14. c3 Rfb8 15. b3
bxc3 16. Bxc3 Ne4 17. Bxe4 dxe4 18. Qc2 Bd5 19. Rfb1 Qe6 20. b4 Bc4 21. Nc1
axb4 22. Rxb4 Rc8 23. Nb3 Bxb3 24. Qxb3 Qxb3 25. Rxb3 c5 26. dxc5 Rxc5 27. Bxg7
Kxg7 28. Rb7 Kf8 29. Rd7 Rca5 30. Rd4 f5 31. Kf2 Kf7 32. g4 Rc8 1/2-1/2

[Event "Open 2005 des PSV Rostock"]
[Site "Rostock"]
[Date "2005.08.25"]
[Round "1.22"]
[White "Bahr, Enrico"]
[Black "Willenberg, Martin"]
[Result "1-0"]
[WhiteElo "2004"]
[BlackElo "1305"]
[PlyCount "49"]
[EventDate "2005.08.25"]
[EventType "swiss"]
[EventRounds "7"]
[EventCountry "GER"]
[Source "Th. Schwetlick"]
[SourceDate "2005.08.25"]

1. d4 Nf6 2. e3 d6 3. Bd3 Nc6 4. c3 g6 5. Nd2 Bg7 6. f4 Bg4 7. Ngf3 e6 8. h3
Bxf3 9. Nxf3 O-O 10. O-O Nh5 11. Kh2 f5 12. Ng5 Qd7 13. Qb3 Nd8 14. Bd2 Nf6 15.
Rad1 h6 16. Nf3 Kh7 17. Qc2 Qc6 18. c4 Nf7 19. b4 b6 20. Rc1 Qe8 21. Nh4 Qe7
22. Be1 Rac8 23. g4 Qd8 24. Nxg6 Kxg6 25. Bxf5+ 1-0

[Event "Open 2005 des PSV Rostock"]
[Site "Rostock"]
[Date "2005.08.25"]
[Round "1.23"]
[White "Modrow, Andreas"]
[Black "Illgen, Alexander"]
[Result "0-1"]
[WhiteElo "1235"]
[BlackElo "1925"]
[PlyCount "78"]
[EventDate "2005.08.25"]
[EventType "swiss"]
[EventRounds "7"]
[EventCountry "GER"]
[Source "Th. Schwetlick"]
[SourceDate "2005.08.25"]

1. c4 Nf6 2. Nc3 g6 3. e4 d6 4. d4 Bg7 5. Be3 O-O 6. f3 b6 7. Bd3 a6 8. Nge2 c5
9. d5 e6 10. O-O exd5 11. cxd5 Ra7 12. Ng3 Re7 13. Bf2 b5 14. Qd2 Nbd7 15. Bc2
Ne5 16. b3 Rb7 17. Rfc1 h5 18. Bd1 Nh7 19. Be3 h4 20. Nf1 f5 21. Be2 Rbf7 22.
h3 g5 23. Nh2 b4 24. Nd1 fxe4 25. fxe4 Ng6 26. Rab1 Nf4 27. Nb2 Bc3 28. Qc2 Qe7
29. Bf3 Nxh3+ 30. Kh1 Nf4 31. Rf1 Nxd5 32. Bxc5 Ndf6 33. Bg1 g4 34. e5 dxe5 35.
Be2 h3 36. Bc4 hxg2+ 37. Kxg2 Bb7+ 38. Kg3 Nh5+ 39. Kxg4 Qg5+ 0-1

[Event "Open 2005 des PSV Rostock"]
[Site "Rostock"]
[Date "2005.08.25"]
[Round "2.1"]
[White "Seils, Jörg"]
[Black "Moeller, Peter"]
[Result "1-0"]
[WhiteElo "2365"]
[BlackElo "2146"]
[PlyCount "81"]
[EventDate "2005.08.25"]
[EventType "swiss"]
[EventRounds "7"]
[EventCountry "GER"]
[Source "Th. Schwetlick"]
[SourceDate "2005.08.25"]

1. e4 g6 2. d4 Bg7 3. Nf3 d6 4. Nc3 Nd7 5. Bc4 e6 6. Bg5 Ne7 7. Qd2 c6 8. h4 d5
9. Bd3 h6 10. Bf4 dxe4 11. Nxe4 Nf5 12. c3 Nf6 13. Nxf6+ Bxf6 14. Bxf5 exf5 15.
Bxh6 Qe7+ 16. Kf1 Be6 17. Bg5 O-O-O 18. Re1 Rde8 19. b3 Rh5 20. c4 Reh8 21. Rg1
Bxg5 22. hxg5 Qd6 23. Qa5 a6 24. Qe5 Rd8 25. Qxd6 Rxd6 26. Ke2 f4 27. Kd3 Bf5+
28. Kc3 Re6 29. d5 cxd5 30. cxd5 Re4 31. Rxe4 Bxe4 32. Kd4 Bxf3 33. gxf3 Rh2
34. Rg4 Rxf2 35. Rxf4 Rxa2 36. Rxf7 Rb2 37. Kc3 Re2 38. f4 Re3+ 39. Kb4 b5 40.
f5 gxf5 41. g6 1-0

[Event "Open 2005 des PSV Rostock"]
[Site "Rostock"]
[Date "2005.08.25"]
[Round "2.2"]
[White "Helms, Sven"]
[Black "Rudolf, Henrik"]
[Result "0-1"]
[WhiteElo "2148"]
[BlackElo "2329"]
[PlyCount "74"]
[EventDate "2005.08.25"]
[EventType "swiss"]
[EventRounds "7"]
[EventCountry "GER"]
[Source "Th. Schwetlick"]
[SourceDate "2005.08.25"]

1. d4 Nf6 2. c4 g6 3. Nc3 Bg7 4. e4 d6 5. Nf3 O-O 6. h3 e5 7. dxe5 dxe5 8. Qxd8
Rxd8 9. Bg5 c6 10. Be2 Na6 11. O-O Nc5 12. Rad1 Re8 13. Bd3 a6 14. Bc2 h6 15.
Be3 Bf8 16. b4 Ncd7 17. Rb1 Kg7 18. a4 a5 19. b5 Bb4 20. Na2 Bc5 21. Bd2 Nb6
22. bxc6 bxc6 23. Rfc1 Nxc4 24. Bd3 Nxd2 25. Nxd2 Ba7 26. Rxc6 Rd8 27. Nc1 Be6
28. Rb7 Rac8 29. Rxe6 Rxc1+ 30. Nf1 Bc5 31. Bb5 Nxe4 32. Be8 Nd6 33. Rxd6 Rxd6
34. Rxf7+ Kg8 35. Rb7 Rf6 36. Rb2 Rxf2 37. Rxf2 Rc2 0-1